000 00642nam a2200217 a 4500
001 21944
003 CO-ViMGA
008 141112s2004 ck r 000 u spa d
020 _a8447801446
040 _aCO-ViMGA
_bspa
_cCO-ViMGA
082 0 4 _aHEIl
100 1 _aHeitz, Bruno
_931379
245 1 0 _aLos lobeznos y la cabra del señor segura
260 _aBarcelona :
_bEl arca,
_c1994
300 _a46
490 _aTren de madera; 6
590 _aForma de adquisición : Compra - - Precio : 5500 - - Proveedor : Cerlac
650 1 4 _aCABRAS - CUENTOS INFANTILES
_931380
650 1 4 _aCUENTOS INFANTILES FRANCESES
_97840
942 _2ddc
_cBK
999 _c30484
_d30484